| 000 | 00469nam a2200181Ia 4500 | ||
|---|---|---|---|
| 005 | 20250326124355.0 | ||
| 008 | 250326s9999 xx 000 0 und d | ||
| 037 | _aTextbook | ||
| 040 |
_aFMSL _beng _cFMSL |
||
| 041 |
_aeng _2eng |
||
| 084 |
_aX:77 K7 _qFMSL |
||
| 100 | _aGupta K P | ||
| 245 | 0 |
_aEconomics of development _cGupta K P |
|
| 260 |
_aDelhi _bDelhi, Atma Ram _c1967 |
||
| 300 | _a368p | ||
| 942 |
_cTB _hX:77 K7 |
||
| 999 |
_c1273470 _d1273470 |
||